Process heat transfer (Record no. 67355)

000 -LEADER
fixed length control field 00755cam a22002891 4500
001 - CONTROL NUMBER
control field 8363136
003 - CONTROL NUMBER IDENTIFIER
control field NUST - PNEC
005 - DATE AND TIME OF LATEST TRANSACTION
control field 20170116181019.0
008 - FIXED-LENGTH DATA ELEMENTS--GENERAL INFORMATION
fixed length control field 720428s1950 xx 000 0 eng
010 ## - LIBRARY OF CONGRESS CONTROL NUMBER
LC control number 50009757
015 ## - NATIONAL BIBLIOGRAPHY NUMBER
National bibliography number GB50-9426
020 ## - INTERNATIONAL STANDARD BOOK NUMBER
International Standard Book Number 007Y853533
035 ## - SYSTEM CONTROL NUMBER
System control number (OCoLC)296333
040 ## - CATALOGING SOURCE
Transcribing agency LIBRARY
042 ## - AUTHENTICATION CODE
Authentication code premarc
050 00 - LIBRARY OF CONGRESS CALL NUMBER
Classification number QC320
Item number .K48
082 ## - DEWEY DECIMAL CLASSIFICATION NUMBER
Classification number 536.1 KER
100 1# - MAIN ENTRY--PERSONAL NAME
Personal name Kern, Donald Quentin,
Dates associated with a name 1914-
245 10 - TITLE STATEMENT
Title Process heat transfer
250 ## - EDITION STATEMENT
Edition statement International student edition.
260 ## - PUBLICATION, DISTRIBUTION, ETC.
Place of publication, distribution, etc. New York,
Name of publisher, distributor, etc. McGraw-Hill,
Date of publication, distribution, etc. 1950.
300 ## - PHYSICAL DESCRIPTION
Extent xii,871p.
Other physical details illus.
Dimensions 24cm.
650 #0 - SUBJECT ADDED ENTRY--TOPICAL TERM
Topical term or geographic name entry element Heat
General subdivision Transmission
650 #0 - SUBJECT ADDED ENTRY--TOPICAL TERM
Topical term or geographic name entry element Heating
General subdivision ME
906 ## - LOCAL DATA ELEMENT F, LDF (RLIN)
a 7
b cbc
c oclcrpl
d u
e ncip
f 19
g y-gencatlg
942 ## - ADDED ENTRY ELEMENTS (KOHA)
Source of classification or shelving scheme
Koha item type Book
Holdings
Withdrawn status Lost status Source of classification or shelving scheme Damaged status Not for loan Permanent Location Current Location Shelving location Date acquired Total Checkouts Full call number Barcode Date last seen Price effective from Koha item type Source of acquisition
          Pakistan Navy Engineering College (PNEC) Pakistan Navy Engineering College (PNEC)       536.1 KER PNECLIB-010763 09/15/2015   Book  
          Pakistan Navy Engineering College (PNEC) Pakistan Navy Engineering College (PNEC)       536.1 KER PNECLIB-010764 09/15/2015   Book  
          Pakistan Navy Engineering College (PNEC) Pakistan Navy Engineering College (PNEC)       536.1 KER PNECLIB-010766 09/15/2015   Book  
          Pakistan Navy Engineering College (PNEC) Pakistan Navy Engineering College (PNEC)       536.1 KER PNECLIB-013231 09/15/2015   Book  
          Pakistan Navy Engineering College (PNEC) Pakistan Navy Engineering College (PNEC)   09/24/2015   536.1 KER PNECLIB-010765 09/24/2015   Book -
© 2023 Central Library, National University of Sciences and Technology. All Rights Reserved.